[Event "ESP-ch Rapid 2018"]
[Site "Linares"]
[Date "2018.08.19"]
[Round "7"]
[White "Alonso, Jose Antonio"]
[Black "Fernandez Torre, Ivan"]
[Result "0-1"]
[WhiteElo "1920"]
[BlackElo "2128"]
[Annotator "NA"]
[PlyCount "86"]
[EventDate "2018.08.19"]
[EventType "team-tourn"]
[EventCountry "ESP"]
[SourceTitle "playchess.com"]
[Source "ChessBase"]
[SourceQuality "1"]
[TimeControl "900+5"]

1. e4 {[%emt 0:00:00]} c5 {[%emt 0:00:00]} 2. Nf3 {[%emt 0:00:00]} Nc6 {[%emt 0:00:00]} 3. d4 {[%emt 0:00:00]} cxd4 {[%emt 0:00:00]} 4. Nxd4 {[%emt 0:00:01]} Nf6 {[%emt 0:00:00]} 5. Nc3 {[%emt 0:00:02]} e5 {[%emt 0:00:01]} 6. Nf3 {[%emt 0:00:28]} Bb4 {[%emt 0:00:11]} 7. Bd2 {[%emt 0:00:28]} d6 {[%emt 0:00:29]} 8. Bd3 {[%emt 0:00:08]} Bg4 {[%emt 0:00:07]} 9. h3 {[%emt 0:00:06]} Bh5 {[%emt 0:00:10]} 10. O-O {[%emt 0:00:54]} O-O {[%emt 0:00:07]} 11. a3 {[%emt 0:00:19]} Ba5 {[%emt 0:00:16]} 12. b4 {[%emt 0:00:16]} Bb6 {[%emt 0:00:02]} 13. Be2 {[%emt 0:00:05]} Bxf3 {[%emt 0:00:13]} 14. Bxf3 {[%emt 0:00:06]} Nd4 {[%emt 0:00:02]} 15. Bg5 {[%emt 0:00:09]} Rc8 {[%emt 0:00:24]} 16. Nd5 {[%emt 0:00:02]} Rxc2 {[%emt 0:00:20]} 17. Bxf6 {[%emt 0:00:24]} gxf6 {[%emt 0:00:02]} 18. Rc1 {[%emt 0:00:08]} Rxc1 {[%emt 0:00:42]} 19. Qxc1 {[%emt 0:00:01]} Kg7 {[%emt 0:00:01]} 20. Bg4 {[%emt 0:00:13]} f5 {[%emt 0:00:27]} 21. exf5 {[%emt 0:00:03]} f6 {[%emt 0:00:01]} 22. Nxb6 {[%emt 0:01:35]} Qxb6 {[%emt 0:00:21]} 23. Qc4 {[%emt 0:00:21]} Qc6 {[%emt 0:01:37]} 24. Qd3 {[%emt 0:00:39]} Rc8 {[%emt 0:01:07]} 25. Qg3 {[%emt 0:00:02]} Kh8 {[%emt 0:00:01]} 26. Qh4 {[%emt 0:00:01]} d5 {[%emt 0:00:03]} 27. Qh5 {[%emt 0:00:23]} Qd7 {[%emt 0:01:23]} 28. Bd1 {[%emt 0:00:33]} Qe8 {[%emt 0:01:28]} 29. Qh6 {[%emt 0:00:27]} Qf8 {[%emt 0:00:02]} 30. Qd2 {[%emt 0:00:18]} a5 {[%emt 0:00:43]} 31. Qa2 {[%emt 0:01:47]} axb4 {[%emt 0:02:33]} 32. axb4 {[%emt 0:00:01]} Rd8 {[%emt 0:01:37]} 33. Bb3 {[%emt 0:01:07]} Qxb4 {[%emt 0:00:58]} 34. Bxd5 {[%emt 0:00:22]} Nxf5 {[%emt 0:00:36]} 35. Rb1 {[%emt 0:00:35]} Qd4 {[%emt 0:00:02]} 36. Bxb7 {[%emt 0:00:55]} Nd6 {[%emt 0:00:01]} 37. Qe6 {[%emt 0:00:27]} e4 {[%emt 0:00:01]} 38. Qe7 {[%emt 0:01:32]} Re8 {[%emt 0:00:11]} 39. Qd7 {[%emt 0:00:14]} e3 {[%emt 0:00:12]} 40. fxe3 {[%emt 0:00:32]} Qxe3+ {[%emt 0:00:04]} 41. Kh1 {[%emt 0:00:06]} Nxb7 {[%emt 0:00:32]} 42. Rxb7 {[%emt 0:00:08]} Qc1+ {[%emt 0:00:01]} 43. Kh2 {[%emt 0:00:06]} Qf4+ {[%emt 0:00:02]} 0-1

[Event "ESP-ch Rapid 2018"]
[Site "Linares"]
[Date "2018.08.19"]
[Round "8"]
[White "Anton Guijarro, David"]
[Black "Moreno Trujillo, Alejandro"]
[Result "1-0"]
[WhiteElo "2652"]
[BlackElo "2497"]
[Annotator "TA"]
[PlyCount "49"]
[EventDate "2018.08.19"]
[EventType "team-tourn"]
[EventCountry "ESP"]
[SourceTitle "playchess.com"]
[Source "ChessBase"]
[SourceQuality "1"]

{[%evp 10,49,42,33,82,36,52,45,45,37,69,65,92,66,202,161,186,146,477,452,442,350,353,359,333,240,462,325,519,617,675,531,1295,1310,1282,1300,1995,1520,1481,1476,1473,1470]} 1. Nf3 Nf6 {[%cal Bg8f6,Bf6d5,Bd5b4][%mdl 32]} 2. c4 c5 3. Nc3 d5 4. cxd5 Nxd5 5. e3 g6 (5... e6 6. Bb5+ Bd7 7. Be2 Nc6 8. O-O Be7 9. d4 cxd4 10. Nxd5 exd5 11. exd4 O-O 12. Ne5 Bf5 13. Be3 Bf6 14. Nxc6 bxc6 15. Bd3 Bxd3 16. Qxd3 Qb6 17. Rfc1 Rfe8 18. Qc3 {½-½ (18) Eljanov,P (2702)-Ragger,M (2672) Brest 2018}) 6. Qb3 {LiveBook: 5 Games. A34: Symmetrical English: 2 Nc3, lines with ...d5} Nb4 7. a3 $146 ({Predecessor:} 7. Bc4 e6 8. O-O N8c6 9. Ne4 Be7 10. a3 Nd5 11. d4 cxd4 12. exd4 O-O 13. Bh6 {1-0 (21) Reuker,J (2338)-Riess,A (2279) Willingen 2018}) 7... N4c6 8. Bc4 {White is slightly better.} e6 9. Ne4 {[#] aiming for Qc3.} Be7 10. Qc3 O-O 11. b3 h6 ({Better is} 11... f6 $14) 12. Bb2 $18 {[%csl Gb2][%cal Rc3h8]} f6 13. g4 $40 {[%mdl 128] White attacks with force.} Qa5 $2 {[%mdl 8192]} (13... Na5 $16 {is tougher.}) 14. Qc2 Kf7 15. Bc3 Qc7 16. h4 {[%cal Bh2h4,Bh4g5][%mdl 32] Strongly threatening h5.} Ke8 17. Ng3 Rg8 $2 {[#]} (17... f5 18. h5 g5 19. gxf5 exf5) 18. g5 $1 {[%mdl 512]} fxg5 (18... hxg5 {is a better defense.} 19. hxg5 f5) 19. hxg5 {White is clearly winning.} h5 20. Bd3 Kf7 21. Bxg6+ Rxg6 22. Rxh5 Bf8 23. Rh7+ Bg7 24. Bxg7 Rxg7 25. Nh5 {Precision: White = 65%, Black = 15%.} 1-0

[Event "ESP-ch Rapid 2018"]
[Site "Linares"]
[Date "2018.08.19"]
[Round "8"]
[White "Salgado Lopez, Ivan"]
[Black "Lianes Garcia, Marcos"]
[Result "1-0"]
[WhiteElo "2643"]
[BlackElo "2340"]
[Annotator "TA"]
[PlyCount "133"]
[EventDate "2018.08.19"]
[EventType "team-tourn"]
[EventCountry "ESP"]
[SourceTitle "playchess.com"]
[Source "ChessBase"]
[SourceQuality "1"]

{[%evp 19,133,0,21,22,29,28,45,12,14,19,8,15,25,15,20,10,14,18,22,0,16,-4,-6,-5,0,-26,0,0,0,0,0,0,8,0,0,0,4,0,0,0,0,0,0,0,0,0,12,0,17,15,27,35,44,0,16,0,8,3,13,13,15,8,64,9,39,45,37,39,125,108,360,368,371,259,381,335,377,288,409,384,376,345,458,408,457,460,627,522,558,530,540,538,632,618,925,675,907,903,1627,2608,29979,29981,29981,29982,29985,29986,29986,29987,29987,29985,29985,0,29987,29988,29988,29989]} 1. e4 e5 2. Nf3 Nc6 3. Bb5 a6 4. Ba4 Nge7 5. Nc3 g6 6. d4 {C70: Ruy Lopez: 3...a6 4 Ba4, Norwegian and Delayed Schliemann} exd4 7. Nxd4 Bg7 8. Nxc6 Nxc6 9. O-O O-O 10. Nd5 d6 {LiveBook: 3 Games} 11. c3 Kh8 $146 ({Predecessor:} 11... Re8 12. Re1 b5 13. Bc2 {½-½ (24) Alekseev,E (2698)-Matlakov,M (2700) St Petersburg 2013}) 12. Be3 f5 13. Bc2 fxe4 14. Bxe4 Bf5 15. Bxf5 Rxf5 16. Qd2 Ne7 17. Nf4 Qd7 18. Rfe1 Raf8 19. Ne2 Nc6 20. f4 R5f7 21. h3 Re8 22. Bf2 Rfe7 23. Ng3 Rxe1+ 24. Rxe1 Rxe1+ 25. Qxe1 Qe7 (25... Qf7 {keeps more tension.} 26. Qe4 Bf6 27. f5 Kg7 28. Qg4 Ne5) 26. Qd2 Qe6 27. b3 Ne7 28. Qd3 Kg8 29. Ne4 Qd5 30. Qe2 Qe6 31. Qf3 h6 32. g4 b6 33. Ng3 Qd5 34. Qe2 Kf7 35. c4 Qe6 36. Qd3 d5 37. c5 bxc5 38. Bxc5 Qe1+ 39. Kg2 Qc1 40. Bxe7 Kxe7 41. Ne2 (41. f5 $1 $14) 41... Qb2 42. Kf3 $36 {[%mdl 2048] White is pushing.} Qa1 43. Qxg6 {Strongly threatening Ke3.} Qf1+ (43... Bc3 $1 $14) 44. Ke3 $16 d4+ $2 {[%mdl 8192] [#]} (44... Qxh3+ $16 45. Kd2 Bf8) 45. Kd2 $18 Kf8 46. Qd3 c5 (46... c6 $142 47. Qf5+ Kg8 48. Qc8+ Kf7 49. Qxc6 Qxh3 50. Qc4+ Kf8 51. Qc8+ (51. Qxa6 Qxg4 52. Qd6+ Kf7 $18) (51. Nxd4 Bxd4 52. Qxd4 Qxg4 $18) 51... Kf7 52. Qc4+ Kf8 53. Qc8+ (53. Nxd4 Bxd4 54. Qxd4 Qxg4 $18) 53... Kf7 54. Qb7+ Kg8) 47. Qxa6 Qxh3 48. Qe6 Qf1 (48... c4 {was called for.} 49. Qc8+ Ke7 50. Qc7+ (50. bxc4 Qe3+ 51. Kd1 d3 $11) 50... Kf8) 49. Qf5+ Kg8 50. Qxc5 Qa1 51. Qc2 Kf8 52. b4 Qf1 53. b5 Qf3 {Black hopes to continue with ...Qe3+.} 54. Qd3 Qd5 55. Qa3+ Ke8 56. Qb3 Qa8 57. a4 Qa5+ 58. Kd3 Qe1 59. b6 {[%cal Bb5b6,Bb6b7][%mdl 32] [#] b7 would kill now.} Qf1 60. Kd2 d3 61. Qxd3 Qa1 62. Qb5+ Kf8 63. b7 Qa2+ 64. Ke1 Qa1+ 65. Kd2 Qa2+ 66. Ke3 Qa3+ 67. Kf2 {Precision: White = 56%, Black = 33%.} 1-0

[Event "ESP-ch Rapid 2018"]
[Site "Linares"]
[Date "2018.08.19"]
[Round "8"]
[White "Perez Candelario, Manuel"]
[Black "Gavilan Diaz, Mario"]
[Result "1-0"]
[WhiteElo "2611"]
[BlackElo "2334"]
[Annotator "TA"]
[PlyCount "95"]
[EventDate "2018.08.19"]
[EventType "team-tourn"]
[EventCountry "ESP"]
[SourceTitle "playchess.com"]
[Source "ChessBase"]
[SourceQuality "1"]

{[%evp 18,95,37,8,65,12,13,0,11,9,12,19,39,20,63,10,15,11,14,12,86,81,86,79,79,79,79,79,79,79,76,79,77,54,89,85,87,52,107,51,70,85,72,59,74,74,72,69,100,93,228,228,217,116,115,67,340,352,345,355,351,351,589,575,705,0,481,484,626,624,984,993,877,724,29989,29990,29990,29991,29991,29992]} 1. e4 e5 2. Nf3 Nf6 3. Nxe5 d6 4. Nf3 Nxe4 5. Nc3 Nxc3 6. dxc3 Be7 7. Be3 Nd7 8. Qd2 Nc5 9. O-O-O O-O 10. Kb1 {LiveBook: 8 Games. C42: Petroff Defence: 3 Nxe5 and unusual White 3rd moves} (10. h4 Re8 11. Kb1 Ne4 12. Qc1 Bg4 13. Bd3 Bf6 14. Rdg1 Qd7 15. Ng5 Bf5 16. g4 Bxg5 17. Bxg5 Be6 18. Bxe4 {½-½ (27) Berg,E (2575)-Rabiega,R (2501) Germany 2011}) 10... Be6 (10... Ne4 $11 11. Qd4 Nc5) 11. c4 $146 (11. h4 $14) ({Predecessor:} 11. Nd4 Qd7 12. Be2 a6 13. Nxe6 Qxe6 14. Bf3 Bf6 15. Rhe1 Qc4 16. Bd4 Bxd4 17. cxd4 Ne6 18. Bxb7 {1-0 (76) Tuncer,U (2322)-Kummer,H (2354) Austria 2015}) 11... a5 12. Be2 {The position is equal.} a4 13. a3 Bf6 14. Nd4 Re8 15. Rhe1 c6 16. Bf1 (16. Nxe6 $14 Rxe6 17. Bg4) 16... Qb6 $11 17. Qb4 Qxb4 18. axb4 Nd7 (18... a3 $1 $11 {keeps the balance.} 19. bxc5 dxc5) 19. Nxe6 $16 Rxe6 20. Be2 a3 {[#]} 21. c3 $1 Nf8 22. Kc2 axb2 23. Kxb2 g6 24. Kb3 h5 25. g3 Be5 26. Ra1 Ree8 27. Bf3 Nd7 (27... Ne6 $14) 28. b5 (28. Bg2 $16) 28... cxb5 29. cxb5 {Hoping for Rxa8.} Rac8 30. Rac1 Nc5+ 31. Bxc5 Rxc5 32. c4 Re7 33. Bd5 $36 {[%mdl 2048] aiming for f4. White is in control.} Rec7 (33... Rcc7 $16) 34. f4 $18 Bf6 {[#]} 35. Rcd1 ({Better is} 35. Re8+ $1 $18 Kh7 36. Rb1) 35... Kf8 $16 36. f5 {Threatens to win with fxg6.} b6 $2 {[%mdl 8192]} (36... g5 $14) 37. fxg6 $18 fxg6 38. Re6 $1 {[%csl LRd6,LRf6]} Kg7 39. Rxd6 Ra7 $2 (39... Re7 {was called for.} 40. Rxb6 Re3+ 41. Kc2 Rc8) 40. Rf1 Bd4 41. Rd1 $2 (41. Be4 $18) 41... Be3 $2 {[%mdl 8192]} (41... Bf6 $1 $11 {and Black stays safe.} 42. Rf1 Be5) 42. Re1 Bd4 43. Ree6 Ra1 44. Rxg6+ Kf8 45. Rd7 {[%csl Gd5][%cal Rg6g8]} Ke8 46. Rb7 {[%cal Rg6g8] White mates.} Rb1+ 47. Kc2 {[%cal Rg6g8]} Rb2+ 48. Kd3 {Precision: White = 55%, Black = 32%.} 1-0

[Event "ESP-ch Rapid 2018"]
[Site "Linares"]
[Date "2018.08.19"]
[Round "8"]
[White "Santos Latasa, Jaime"]
[Black "Ibarra Jerez, Jose Carlos"]
[Result "1/2-1/2"]
[WhiteElo "2582"]
[BlackElo "2570"]
[Annotator "RC"]
[PlyCount "106"]
[EventDate "2018.08.19"]
[EventType "team-tourn"]
[EventCountry "ESP"]
[SourceTitle "playchess.com"]
[Source "ChessBase"]
[SourceQuality "1"]
[TimeControl "900+5"]

1. Nf3 {[%emt 0:00:00]} d5 {[%emt 0:00:00]} 2. g3 {[%emt 0:00:03]} Bg4 {[%emt 0:00:18]} 3. Bg2 {[%emt 0:00:01]} c6 {[%emt 0:00:17]} 4. c4 {[%emt 0:00:04]} e6 {[%emt 0:00:05]} 5. cxd5 {[%emt 0:00:02]} Bxf3 {[%emt 0:00:02]} 6. Bxf3 {[%emt 0:00:02]} cxd5 {[%emt 0:00:02]} 7. O-O {[%emt 0:00:06]} Nf6 {[%emt 0:00:13]} 8. Nc3 {[%emt 0:00:11]} Nc6 {[%emt 0:00:04]} 9. d4 {[%emt 0:00:03]} Be7 {[%emt 0:00:10]} 10. e3 {[%emt 0:00:07]} O-O {[%emt 0:00:04]} 11. b3 {[%emt 0:00:03]} Qd7 {[%emt 0:01:20]} 12. Bb2 {[%emt 0:00:08]} Rfd8 {[%emt 0:00:05]} 13. Bg2 {[%emt 0:00:04]} Rac8 {[%emt 0:00:14]} 14. Rc1 {[%emt 0:00:07]} Ne8 {[%emt 0:00:16]} 15. Qe2 {[%emt 0:00:11]} Nd6 {[%emt 0:00:13]} 16. Rfd1 {[%emt 0:00:04]} Bf6 {[%emt 0:00:22]} 17. Na4 {[%emt 0:00:15]} b6 {[%emt 0:00:09]} 18. Nc3 {[%emt 0:00:03]} Ne7 {[%emt 0:00:31]} 19. Qa6 {[%emt 0:00:55]} Nc6 {[%emt 0:01:00]} 20. Qe2 {[%emt 0:01:25]} Ne7 {[%emt 0:00:08]} 21. Ba3 {[%emt 0:00:20]} Nef5 {[%emt 0:00:45]} 22. Bh3 {[%emt 0:00:13]} g6 {[%emt 0:00:23]} 23. Bxd6 {[%emt 0:00:28]} Qxd6 {[%emt 0:00:08]} 24. Bxf5 {[%emt 0:00:02]} gxf5 {[%emt 0:00:53]} 25. Qa6 {[%emt 0:00:04]} Qd7 {[%emt 0:03:11]} 26. Nb5 {[%emt 0:00:11]} e5 {[%emt 0:00:41]} 27. dxe5 {[%emt 0:00:47]} Bxe5 {[%emt 0:00:04]} 28. a4 {[%emt 0:00:16]} Bb8 {[%emt 0:00:25]} 29. Nd4 {[%emt 0:00:20]} Be5 {[%emt 0:00:19]} 30. Nf3 {[%emt 0:00:25]} Bf6 {[%emt 0:00:17]} 31. Qd3 {[%emt 0:00:06]} Qe6 {[%emt 0:00:10]} 32. Nd4 {[%emt 0:00:44]} Bxd4 {[%emt 0:01:39]} 33. Qxd4 {[%emt 0:00:08]} Rc6 {[%emt 0:00:48]} 34. Rxc6 {[%emt 0:00:50]} Qxc6 {[%emt 0:00:02]} 35. Qf4 {[%emt 0:00:01]} Qf6 {[%emt 0:00:24]} 36. Rd4 {[%emt 0:00:32]} Kg7 {[%emt 0:00:18]} 37. Kg2 {[%emt 0:00:15]} Rd6 {[%emt 0:00:06]} 38. Qf3 {[%emt 0:00:13]} Qe5 {[%emt 0:00:01]} 39. Rf4 {[%emt 0:00:11]} Rf6 {[%emt 0:00:04]} 40. Qh5 {[%emt 0:00:06]} h6 {[%emt 0:00:31]} 41. h3 {[%emt 0:00:49]} a5 {[%emt 0:00:07]} 42. Qd1 {[%emt 0:00:32]} Rc6 {[%emt 0:00:14]} 43. Qd3 {[%emt 0:00:25]} Rf6 {[%emt 0:00:18]} 44. b4 {[%emt 0:00:19]} axb4 {[%emt 0:00:08]} 45. Rxb4 {[%emt 0:00:01]} Rc6 {[%emt 0:00:06]} 46. Rd4 {[%emt 0:00:06]} Rd6 {[%emt 0:00:08]} 47. Qc3 {[%emt 0:00:36]} Qf6 {[%emt 0:00:22]} 48. Qc7 {[%emt 0:00:15]} Qe6 {[%emt 0:00:07]} 49. Qc2 {[%emt 0:00:35]} Qe5 {[%emt 0:00:22]} 50. Qc8 {[%emt 0:00:02]} Qe6 {[%emt 0:00:04]} 51. Qb7 {[%emt 0:00:07]} Rc6 {[%emt 0:00:05]} 52. Rf4 {[%emt 0:00:08]} Rc4 {[%emt 0:00:06]} 53. Qb8 {[%emt 0:00:37]} Rxf4 {[%emt 0:00:02]} 1/2-1/2

[Event "ESP-ch Rapid 2018"]
[Site "Linares"]
[Date "2018.08.19"]
[Round "8"]
[White "Ljubojevic, Ljubomir"]
[Black "Blanco Acevedo, Cristobal Jose"]
[Result "1-0"]
[WhiteElo "2571"]
[BlackElo "2336"]
[Annotator "TA"]
[PlyCount "157"]
[EventDate "2018.08.19"]
[EventType "team-tourn"]
[EventCountry "ESP"]
[SourceTitle "playchess.com"]
[Source "ChessBase"]
[SourceQuality "1"]

{[%evp 18,157,35,41,41,31,33,25,34,27,40,10,33,15,40,46,72,45,104,86,122,43,43,41,43,50,68,0,79,52,39,-60,-42,-87,-65,-70,-48,-79,0,0,0,0,35,-66,-58,-79,-62,-132,-139,-146,-139,-142,-131,-154,-157,-142,-150,-160,-126,-195,-201,-209,-207,-205,0,-161,0,-193,0,-172,-140,-150,-102,-172,-79,-70,-71,-79,-82,-130,-77,-87,-79,-91,-76,-76,-79,-97,-38,-56,-44,-29,-32,-62,0,0,0,0,12,12,12,26,35,0,6,0,0,0,0,0,6,0,0,0,6,6,8,0,33,11,12,0,0,0,0,0,0,0,0,0,127,127,114,70,1358,1184,12838,12838,12849,12849,12850,12850]} 1. c4 c5 2. Nf3 Nc6 3. d4 cxd4 4. Nxd4 e5 5. Nb5 d6 6. N1c3 {A30: Symmetrical English: Double Fianchetto and Hedgehog} a6 7. Na3 Nf6 8. g3 Be7 9. Bg2 O-O 10. O-O {LiveBook: 9 Games} Be6 11. Bg5 h6 12. Bxf6 Bxf6 13. Nd5 $146 Bg5 14. e3 Rc8 15. Qb3 Na5 16. Qb4 Rc5 17. Rad1 Qc8 (17... Qb8 $14) 18. b3 Bd8 19. Nb6 (19. Qc3 $16) 19... Qc7 $14 20. Na4 Nc6 21. Qd2 Ra5 22. Nb1 ({Much worse is} 22. Qxd6 $6 Qxd6 23. Rxd6 Be7 $11) ({White should try} 22. Rc1 $14) 22... b5 (22... Bxc4 $11 23. bxc4 Rxa4) 23. cxb5 axb5 24. Nac3 (24. Rc1 $14 Bd7 25. Nac3) 24... b4 $15 25. Na4 d5 26. Rc1 Qd6 $36 {[%mdl 2048] Black has good play.} 27. Rfd1 f5 (27... Na7 $17) 28. Qc2 $11 Ne7 $1 29. Nc5 {next Nb7 is good for White.} Bc8 {[#]} 30. Nd2 ({White should play} 30. a3 $1 $14 {[%mdl 512]}) 30... e4 31. Na4 {aiming for Nc4!} Qe5 32. Qb1 (32. Nb1 $15) 32... g5 33. Qa1 Qxa1 34. Rxa1 Bc7 35. a3 bxa3 36. Rxa3 Bd6 37. Ra2 Bd7 38. Nb1 (38. Nc3 $17 Rxa2 39. Nxa2) 38... Rb8 $19 39. Nd2 Bb4 40. Nb1 Bd6 41. Nd2 Bb4 42. Nb1 $1 Bd6 43. Nd2 Rba8 44. Bf1 {intending Nc4!} Bb4 45. Rda1 (45. Nc4 $17 Bxa4 46. Nxa5 Bxb3 47. Nxb3 Rxa2 48. Rb1) 45... Bxa4 (45... Rb8 $19 {has better winning chances.} 46. Rc1 f4 $1 {[%mdl 512]}) 46. bxa4 $17 Bxd2 $1 47. Rxd2 Rxa4 48. Rad1 Ra2 (48... Kf7 $142 49. Be2 Ra2 50. Bh5+ Kf6 51. Rxa2 Rxa2) 49. Rxa2 Rxa2 {[%mdl 4096] Endgame KRB-KRN} 50. Rb1 Ra7 51. Rb6 {[#]} Kg7 $1 52. Kg2 {[#]} Rc7 (52... f4 $1 $17 {[%mdl 512] White must now prevent ...fxe3.} 53. gxf4 (53. exf4 gxf4) 53... gxf4 54. exf4 Ng6) 53. Bb5 $15 Nc8 54. Re6 Re7 55. Ra6 Na7 ({Better is} 55... Rb7 $15 56. Ba4 Rb6) 56. Ba4 $11 Nc8 57. Rc6 Na7 58. Rc5 Kf6 59. Rxd5 Nc8 60. Bb3 Rc7 61. Ra5 Rc6 62. Ba4 Rb6 63. g4 fxg4 64. Bd7 Nd6 65. Bxg4 Nf7 66. Rf5+ Kg6 {Black wants to play ...h5.} 67. Rc5 Rf6 68. Rd5 h5 69. Be2 g4 70. Kg3 Ng5 71. Rd2 Nh3 72. Bc4 Rf5 73. Kg2 h4 (73... Ng5 $11 {keeps the balance.}) 74. Be6 $16 Rg5 75. Rd4 Kh5 $2 {[%mdl 8192]} (75... Kf6 $14) 76. Rxe4 $18 {White is clearly winning.} Rg7 {[#]} 77. Bxg4+ $1 {[%mdl 512]} Rxg4+ 78. Rxg4 Kxg4 79. f3+ {Precision: White = 44%, Black = 40%.} 1-0

[Event "ESP-ch Rapid 2018"]
[Site "Linares"]
[Date "2018.08.19"]
[Round "8"]
[White "Santos Ruiz, Miguel"]
[Black "Domingo Nunez, Ruben"]
[Result "1-0"]
[WhiteElo "2517"]
[BlackElo "2318"]
[Annotator "ChessBase"]
[PlyCount "71"]
[EventDate "2018.08.19"]
[EventType "team-tourn"]
[EventCountry "ESP"]
[SourceTitle "playchess.com"]
[Source "ChessBase"]
[SourceQuality "1"]
[TimeControl "900+5"]

1. d4 {[%emt 0:00:00]} Nf6 {[%emt 0:00:00]} 2. c4 {[%emt 0:00:00]} e6 {[%emt 0:00:03]} 3. Nc3 {[%emt 0:00:00]} Bb4 {[%emt 0:00:02]} 4. Qc2 {[%emt 0:00:03]} O-O {[%emt 0:00:03]} 5. a3 {[%emt 0:00:01]} Bxc3+ {[%emt 0:00:04]} 6. Qxc3 {[%emt 0:00:00]} d6 {[%emt 0:00:03]} 7. g3 {[%emt 0:00:08]} Nbd7 {[%emt 0:00:15]} 8. Bg2 {[%emt 0:00:05]} e5 {[%emt 0:00:10]} 9. Nf3 {[%emt 0:00:04]} Qe7 {[%emt 0:00:05]} 10. O-O {[%emt 0:00:25]} a5 {[%emt 0:00:28]} 11. b3 {[%emt 0:00:06]} Re8 {[%emt 0:00:29]} 12. dxe5 {[%emt 0:00:10]} Nxe5 {[%emt 0:00:15]} 13. Bb2 {[%emt 0:00:02]} Nfd7 {[%emt 0:00:58]} 14. Nd4 {[%emt 0:00:17]} Nf6 {[%emt 0:06:32]} 15. Rfd1 {[%emt 0:02:29]} Ned7 {[%emt 0:00:17]} 16. b4 {[%emt 0:02:26]} Nb6 {[%emt 0:01:39]} 17. Qc2 {[%emt 0:00:36]} d5 {[%emt 0:02:42]} 18. cxd5 {[%emt 0:00:26]} axb4 {[%emt 0:00:02]} 19. axb4 {[%emt 0:01:44]} Rxa1 {[%emt 0:00:03]} 20. Bxa1 {[%emt 0:00:03]} Nbxd5 {[%emt 0:00:17]} 21. b5 {[%emt 0:00:02]} Bg4 {[%emt 0:00:44]} 22. h3 {[%emt 0:00:11]} Bc8 {[%emt 0:01:05]} 23. e3 {[%emt 0:00:24]} h6 {[%emt 0:00:29]} 24. Nf5 {[%emt 0:00:43]} Bxf5 {[%emt 0:00:05]} 25. Qxf5 {[%emt 0:00:01]} Rd8 {[%emt 0:00:07]} 26. Bxd5 {[%emt 0:00:10]} c6 {[%emt 0:00:06]} 27. Bxf6 {[%emt 0:00:06]} gxf6 {[%emt 0:00:04]} 28. bxc6 {[%emt 0:00:18]} bxc6 {[%emt 0:00:02]} 29. Qg6+ {[%emt 0:00:03]} Kf8 {[%emt 0:00:06]} 30. Qxh6+ {[%emt 0:00:04]} Kg8 {[%emt 0:00:03]} 31. Bf3 {[%emt 0:00:15]} Rxd1+ {[%emt 0:00:03]} 32. Bxd1 {[%emt 0:00:01]} Qd6 {[%emt 0:00:13]} 33. Bb3 {[%emt 0:00:12]} Qe7 {[%emt 0:00:05]} 34. Qg6+ {[%emt 0:00:04]} Kf8 {[%emt 0:00:01]} 35. Qh7 {[%emt 0:00:06]} Qb7 {[%emt 0:00:06]} 36. Qd3 {[%emt 0:00:12]} 1-0

[Event "ESP-ch Rapid 2018"]
[Site "Linares"]
[Date "2018.08.19"]
[Round "8"]
[White "Arizmendi Martinez, Julen Luis"]
[Black "Dominguez Alcon, Victor"]
[Result "1/2-1/2"]
[WhiteElo "2507"]
[BlackElo "2172"]
[Annotator "TA"]
[PlyCount "147"]
[EventDate "2018.08.19"]
[EventType "team-tourn"]
[EventCountry "ESP"]
[SourceTitle "playchess.com"]
[Source "ChessBase"]
[SourceQuality "1"]

{[%evp 20,147,3,0,41,39,42,34,33,18,14,29,28,18,35,0,43,36,53,50,65,54,68,49,56,39,39,36,42,42,43,42,44,45,46,0,7,0,0,0,23,14,22,0,0,-11,0,0,0,0,0,0,52,0,20,-42,-36,-40,-33,-594,-569,-1103,-1102,-1020,-162,-2156,0,-950,0,-1516,0,-1054,-1010,-6041,-6008,-5243,-5135,-1244,-88,-95,-12,-12,-13,-15,-15,-15,-15,-17,0,0,0,-8,0,0,0,0,0,-3,0,0,0,-8,0,0,0,0,8,8,8,-19,-19,-33,0,-19,0,-7,-8,-43,-43,-67,-67,-98,-98,-99,-41,-34,0,-99,0,-42]} 1. e4 c5 2. Nf3 d6 3. d4 cxd4 4. Nxd4 Nf6 5. Nc3 a6 6. Be2 e5 7. Nf3 Be7 8. Bg5 Be6 9. Bxf6 Bxf6 10. O-O O-O 11. Nd5 {LiveBook: 13 Games. B92: Sicilian Najdorf: 6 Be2} Bxd5 12. Qxd5 Qc7 13. c3 {White is slightly better.} Nd7 14. Rfd1 Be7 15. Nd2 b5 $146 ({Predecessor:} 15... Nf6 16. Qb3 Qc6 17. Bf3 Nd7 18. Nc4 {1-0 (37) Yermolinsky,A (2575)-Birkel,J Los Angeles 1991}) 16. Nf1 Nb6 17. Qd3 Rfd8 18. Ne3 Bg5 19. Nd5 Qb7 20. Nxb6 Qxb6 21. a3 g6 22. Qd5 Rac8 23. Qb3 Qc6 24. Rd5 Rb8 25. g3 Kg7 26. Rad1 h5 27. Bd3 h4 28. Bb1 hxg3 29. hxg3 Be7 30. Ba2 Rf8 31. Qc2 Rh8 32. Qe2 Rh5 33. Qf3 Rbh8 34. Kf1 {next Qxf7+! is good for White.} f5 35. Ke2 a5 (35... Rf8 $11) 36. Qd3 (36. Bb1 $14) 36... Rb8 37. Rg1 (37. Bb1 $11) 37... b4 $1 $15 {[%cal Rb4a3]} 38. axb4 axb4 39. cxb4 $2 {[%mdl 8192]} (39. c4 $15) 39... Rxb4 $19 40. b3 Rxe4+ 41. Kf1 Qc1+ $2 (41... Rh2 42. Bb1 Bd8 43. Rxd6 Bb6 $1 {[%mdl 512]} 44. Rd7+ Kf8 45. Rd8+ Ke7 46. Qd7+ Qxd7 47. Rxd7+ Kxd7 48. Bxe4 Rxf2+ 49. Ke1 fxe4) 42. Kg2 $2 (42. Qd1 Qc6 43. Bb1) 42... Qc6 (42... Qh6 $142 43. Qf3 Rh2+ 44. Kf1 Qh3+ 45. Qg2 Rxg2 46. Rxg2 Qh5) 43. Kf1 $1 Qc1+ (43... Rh2 $142 44. Bb1 Bd8 45. Rxd6 {[#]} Bb6 $1 {[%mdl 512]} 46. Rd7+ Kf8 47. Rd8+ Ke7 48. Qd7+ Qxd7 49. Rxd7+ Kxd7 50. Bxe4 Rxf2+ 51. Ke1 fxe4) 44. Kg2 $1 Qc6 45. Kf1 $1 Rh2 {aiming for ...Qc1+.} 46. Qd2 Qa6+ 47. Rd3 Rd4 48. Bb1 Qa1 $2 (48... e4 $19 {[%cal Rd4d3]} 49. Qe2 exd3 50. Qxe7+ Kh6 51. Qe3+ Kh7) 49. Rxd4 $17 Qxd4 ({Black should play} 49... exd4 $17 50. Qe1 Bg5) 50. Qxd4 $11 exd4 $17 {[%mdl 4096] Endgame KRB-KRB} 51. Ke2 Kf6 52. Bd3 d5 53. Rc1 Rh8 54. Rc6+ Kf7 55. Rb6 Bg5 56. Rb7+ Kf6 57. b4 Re8+ 58. Kf3 Rc8 59. Ke2 Re8+ 60. Kf3 Rc8 61. b5 Rc3 62. Ke2 Rb3 63. f4 Bh6 64. b6 Rb2+ 65. Kf3 Rb3 66. Ke2 Rb2+ 67. Kd1 Bf8 68. Rb8 Bd6 69. Ra8 Rxb6 70. Rd8 Ke7 71. Rg8 Kf7 (71... Bb4 $17 {Threatens to win with ...Bc3.} 72. Rg7+ Ke8) 72. Rd8 $15 Ke7 (72... Kg7 $15) 73. Rg8 $17 Kf7 ({Better is} 73... Bb4 $17 {...Bc3 is the strong threat.} 74. Rg7+ Kf8) 74. Rd8 {Precision: White = 55%, Black = 39%.} 1/2-1/2